Tiga hati (Record no. 115210)

MARC details
000 -LEADER
fixed length control field 00690nam a2200253 i 4500
001 - CONTROL NUMBER
control field C2-0313496
003 - CONTROL NUMBER IDENTIFIER
control field PPAK
005 - DATE AND TIME OF LATEST TRANSACTION
control field 20180728105219.0
008 - FIXED-LENGTH DATA ELEMENTS--GENERAL INFORMATION
fixed length control field 111117s2011 my |||| ||||| | may d
020 ## - INTERNATIONAL STANDARD BOOK NUMBER
International Standard Book Number 9789675783258
040 ## - CATALOGING SOURCE
Original cataloging agency PPAK
Language of cataloging eng
Transcribing agency PPAK
Description conventions rda
082 04 - DEWEY DECIMAL CLASSIFICATION NUMBER
Classification number 899.233
Edition number 23
090 00 - LOCALLY ASSIGNED LC-TYPE CALL NUMBER (OCLC); LOCAL CALL NUMBER (RLIN)
Classification number (OCLC) (R) ; Classification number, CALL (RLIN) (NR) 899.233
Feature heading MAS
Feature heading G
100 0# - MAIN ENTRY--PERSONAL NAME
Personal name Maslina Ngadiman,
Relator term author
245 10 - TITLE STATEMENT
Title Tiga hati
264 #1 - PRODUCTION, PUBLICATION, DISTRIBUTION, MANUFACTURE, AND COPYRIGHT NOTICE
Place of production, publication, distribution, manufacture Batu Caves, Selangor :
Name of producer, publisher, distributor, manufacturer PTS Litera Utama Sdn. Bhd. ,
Date of production, publication, distribution, manufacture, or copyright notice 2011
300 ## - PHYSICAL DESCRIPTION
Extent 343 pages ;
Dimensions 19 cm
336 ## - CONTENT TYPE
Source rdacontent
Content type term text
337 ## - MEDIA TYPE
Source rdamedia
Media type term unmediated
338 ## - CARRIER TYPE
Source rdacarrier
Carrier type term volume
650 10 - SUBJECT ADDED ENTRY--TOPICAL TERM
Topical term or geographic name entry element Malay fiction.
700 0# - ADDED ENTRY--PERSONAL NAME
Personal name Nor Adilah Riduan,
Relator term editor
942 ## - ADDED ENTRY ELEMENTS (KOHA)
-- dc
Koha item type Book
Holdings
Withdrawn Not for loan Current library Shelving location Date acquired Full call number Barcode Date last seen Koha item type Total Checkouts Total Renewals Date last checked out
    Perpustakaan Alor Setar Pinjaman Dewasa 28/11/2011 899.233 MAS A01371387 09/05/2018 Book      
    Perpustakaan Alor Setar Pinjaman Dewasa 28/11/2011 899.233 MAS A01371388 08/08/2019 Book 1 1 04/07/2019
    Perpustakaan Baling Pinjaman Dewasa 28/11/2011 899.233 MAS A01371395 09/05/2018 Book      
    Perpustakaan Bandar Baharu Pinjaman Dewasa 28/11/2011 899.233 MAS A01371396 09/05/2018 Book      
    Perpustakaan Jitra Pinjaman Dewasa 28/11/2011 899.233 MAS A01371390 09/05/2018 Book      
    Perpustakaan Kulim Pinjaman Dewasa 28/11/2011 899.233 MAS A01371392 09/05/2018 Book      
    Perpustakaan Merbok Pinjaman Dewasa 28/11/2011 899.233 MAS A01371399 09/05/2018 Book      
    Perpustakaan Yan Pinjaman Dewasa 28/11/2011 899.233 MAS A01371393 10/09/2019 Book 1   20/08/2019
    PD12, Kg. Padang, Baling Pinjaman Dewasa 28/11/2011 899.233 MAS A01371398 09/05/2018 Book